A unidade de produçao agropecuária: sudeste nordestino estatísticas sobre a estructura organizacional
Bewaard in:
| Hoofdauteur: | |
|---|---|
| Formaat: | Texto |
| Gepubliceerd in: |
Fortaleza:
Banco do Nordeste do Brasil
|
| Tags: |
Voeg label toe
Geen labels, Wees de eerste die dit record labelt!
|
MARC
| LEADER | 00000 a a2200000 04500 | ||
|---|---|---|---|
| 001 | 23039 | ||
| 003 | |||
| 040 | |||
| 090 | |a 158800 | ||
| 100 | |a Viana, Manuel Osório de Lima | ||
| 245 | |a A unidade de produçao agropecuária: sudeste nordestino estatísticas sobre a estructura organizacional | ||
| 260 | |a Fortaleza: |b Banco do Nordeste do Brasil | ||
| 300 | |a 174 p; v. 3 | ||
| 999 | |c 13498 |d 13498 | ||
